[Event "Paris-ch op-B"]
[Site "Paris"]
[Date "2010.07.05"]
[Round "2"]
[White "Ernouf, Anthony"]
[Black "Courthial, Bernard"]
[Result "1-0"]
[WhiteElo "1878"]
[BlackElo "1706"]
[PlyCount "49"]
[EventDate "2010.07.03"]
[EventType "swiss"]
[EventRounds "9"]
[EventCountry "FRA"]
[SourceTitle "CBM 137 Extra"]
[Source "ChessBase"]
[SourceDate "2010.09.01"]
[SourceVersion "1"]
[SourceVersionDate "2010.09.01"]
[SourceQuality "1"]

1. d4 d6 2. e3 Nf6 3. Bd3 g6 4. f4 Bg7 5. Nf3 c6 6. 0-0 0-0 7. e4 Qc7 8. e5 Ne8 9. Qe1 dxe5 10. fxe5 b5 11. Qh4 f6 12. Bh6 Na6 13. c3 Be6 14. Nbd2 Rd8 15. Bxg7 Kxg7 16. a4 Nb8 17. axb5 c5 18. Ne4 c4 19. Bc2 Nd7 20. Nfg5 fxg5 21. Nxg5 Bg8 22. Rxf8 Nxf8 23. Rf1 Ne6 24. Rf7+ Bxf7 25. Qxh7+ 1-0